000 00187 a2200097 4500
020 _a9780590459976
041 _aeng
100 _aOz Charles
245 _aHow is a Crayon made
942 _cK
999 _c30327
_d30325